| 000 | 00389cam a2200157ua 4500 | ||
|---|---|---|---|
| 041 | 0 | _aeng | |
| 082 |
_a828.09 _bDAL/PO |
||
| 100 | _aDalziel, Margaret . | ||
| 245 |
_aPopular fiction 100 years ago / _cMargaret Dalziel. _hTextual Documents |
||
| 250 |
_a1 / _b. |
||
| 260 |
_aLondon : _bCohen & West , _c1957. |
||
| 300 | _a188 ; . | ||
| 504 | _a | ||
| 942 | _cBK | ||
| 999 |
_c3496 _d3496 |
||